000 00317nam a2200145 a 4500
008 150608s1968|||| d
245 1 0 _aMATEMATIKA
250 _a4. vydanie
300 _a568 s.
020 _a67-04-77
_c0
041 _aslo
044 _axo
_cSK
260 _bSPN
_aBratislava
_c1968
958 _aAPR
999 _c20866
_d20866